LIBRARY ONLINE CATALOGUE

Managing innovation and change : (Record no. 5470)

MARC details
000 -LEADER
fixed length control field 00839cam a22002412 4500
001 - CONTROL NUMBER
control field 0000001818
005 - DATE AND TIME OF LATEST TRANSACTION
control field 20151217151830.0
008 - FIXED-LENGTH DATA ELEMENTS--GENERAL INFORMATION
fixed length control field 070327s xx 000 0 eng d
020 ## - INTERNATIONAL STANDARD BOOK NUMBER
International Standard Book Number 0803989458 :
040 ## - CATALOGING SOURCE
Original cataloging agency KABU
Transcribing agency KABU
050 #0 - LIBRARY OF CONGRESS CALL NUMBER
Classification number HD58.8
Item number .C53 1995
100 1# - MAIN ENTRY--PERSONAL NAME
Personal name Clark, Jon.
-- 0000150844
245 10 - TITLE STATEMENT
Title Managing innovation and change :
Remainder of title people, technology and strategy /
Statement of responsibility, etc. Jon Clark.
260 ## - PUBLICATION, DISTRIBUTION, ETC. (IMPRINT)
Place of publication, distribution, etc. London :
Name of publisher, distributor, etc. Sage Publications,
Date of publication, distribution, etc. 1995.
300 ## - PHYSICAL DESCRIPTION
Extent xvi, 260 p. ;
Dimensions 24 cm.
650 #0 - SUBJECT ADDED ENTRY--TOPICAL TERM
Topical term or geographic name as entry element Organizational change
General subdivision Management.
-- 0000150843
650 #0 - SUBJECT ADDED ENTRY--TOPICAL TERM
Topical term or geographic name as entry element Technological innovations
General subdivision Management.
-- 0000150793
650 #0 - SUBJECT ADDED ENTRY--TOPICAL TERM
Topical term or geographic name as entry element Strategic planning.
-- 0000150576
852 1# - LOCATION
-- p2835 KES
852 1# - LOCATION
-- p2710.87 KES
908 ## - PUT COMMAND PARAMETER (RLIN)
Put command parameter 070327
950 ## - LOCAL HOLDINGS (RLIN)
-- 1
Holdings
Withdrawn status Lost status Source of classification or shelving scheme Not for loan Home library Current library Date acquired Total Checkouts Full call number Barcode Date last seen Date last checked out Copy number Price effective from Koha item type
    Library of Congress Classification   Kabarak, Main Campus Kabarak, Main Campus 17/12/2015 1 HD58.8 .C53 1995 c. 1 001548 02/08/2024 15/07/2016 C.1 17/12/2015 General Collection
    Library of Congress Classification   Kabarak, Main Campus Kabarak, Main Campus 17/12/2015 1 HD58.8 .C53 1995 c. 2 16477 12/10/2016 15/07/2016 C.2 17/12/2015 General Collection